L'Amic del vent : vaixells de fusta, homes de ferro / per Francesc Lleal i Galceran vaixells de fusta, homes de ferro / per Francesc Lleal i Galceran
Descripción Física:
191 p., [12] p. de làm. ; 23 cm
MARC
| LEADER | 00000nam a2200000Ia 4500 | ||
|---|---|---|---|
| 001 | 9174 | ||
| 008 | 160829s1989 xx 000 0 cat d | ||
| 080 | |a L-1-71 | ||
| 100 | |a Lleal i Galceran, Francesc |9 24579 | ||
| 245 | |a L'Amic del vent : |b vaixells de fusta, homes de ferro / per Francesc Lleal i Galceran | ||
| 260 | |a Barcelona : |b Curial, |c 1989 | ||
| 300 | |a 191 p., [12] p. de làm. ; |c 23 cm | ||
| 590 | |a Amb la col·laboració de Diputació de Barcelona. Servei de Cultura. | ||
| 710 | 1 | |a Barcelona (Catalunya : Província). |b Servei de Cultura |9 54401 | |
| 901 | |a Arxiu | ||
| 942 | |n 1 | ||
| 952 | |0 0 |1 0 |4 0 |6 L171 |7 1 |9 43215 |a Arxiu |b Arxiu |d 2016-12-01 |l 0 |o L-1-71 |p 9174 |r 2016-12-01 00:00:00 |w 2016-12-01 |y ARXIU | ||
| 999 | |c 45759 |d 45759 | ||